000 00316nam a22001337a 4500
008 181001b xxu||||| |||| 00| 0 eng d
020 _a9780536105950
041 _aeng
080 _a510
100 _a30
101 _aMAT
245 _aBasic Algebra Geometry With Applications
_cCleaves.CH
942 _2udc
_cBK
999 _c48711
_d48711